| 000 | 00638cam a2200205 a 4500 | ||
|---|---|---|---|
| 020 | _a0471888400 (alk. paper) | ||
| 040 | _cDLC | ||
| 082 | 0 | 0 | _a624 WIL 1991 A105 Or. |
| 100 | 1 | _aDay, David A., | |
| 245 | 1 | 0 | _aConstruction equipment guide / |
| 250 | _a2nd ed. | ||
| 260 |
_aNew York : _bWiley, _cc1991. |
||
| 300 |
_axxiii, 437 p. : _bill. ; _c25 cm. |
||
| 500 | _a"A Wiley-Interscience publication." | ||
| 650 | 0 | _aConstruction equipment. | |
| 700 | 1 | _aBenjamin, Neal B. H. | |
| 856 | 4 | 2 | _uhttp://www.loc.gov/catdir/description/wiley033/90029315.html |
| 856 | 4 | _uhttp://www.loc.gov/catdir/toc/onix04/90029315.html | |
| 942 | _cEK | ||
| 999 |
_c16155 _d16155 |
||